IMF survey <a> Publication of the International Monetary Fund

Enregistré dans:
Détails bibliographiques
Format: Publication en série
Langue:anglais
Publié: Washington International Monetary Fund 1992
Sujets:
Tags: Ajouter un tag
Pas de tags, Soyez le premier à ajouter un tag!

MARC

LEADER 00000nas2a2200000 4500
001 s016309
005 20240109094244.1
022 |a 0047-083X 
041 0 |a eng 
044 |a US 
245 1 0 |a IMF survey  |b <a> Publication of the International Monetary Fund 
264 1 |a Washington  |b International Monetary Fund  |c 1992 
300 |a 1 zv. 
773 0 |w eu_un_cat*s120209 
610 2 0 |a Medzinárodný menový fond 
610 2 0 |a politika finančná